Actrices françaises par rôle récurrent - Statistiques

Statistiques générales
  • Ce quiz a été pris 3 547 fois
  • Le résultat moyen est 7 sur 20
Statistiques - réponses
Personnages # Dates Actrices Séries de films % Correct
Cathy Tuche 4 2011-2021 Isabelle Nanty Les Tuches
73%
Victoire Beretton 2 1980-1982 Sophie Marceau La Boum
73%
Lilly Bertineau 4 1998-2007 Marion Cotillard Taxi
65%
Nathalie Morin 3 1978-2006 Josiane Balasko Les Bronzés
50%
Marie Verneuil 3 2014-2021 Chantal Lauby Qu'est-ce qu'on a fait au Bon Dieu ?
46%
Ginette Sarcley 3 1993-2016 Marie-Anne Chazel Les Visiteurs
45%
Milady de Winter 2 2023 Eva Green Les Trois Mousquetaires
44%
Madeleine Swann 2 2015-2021 Léa Seydoux James Bond
42%
Martine 3 2002-2013 Audrey Tautou L'Auberge espagnole
36%
Florence Leroy 2 2015-2016 Marina Foïs Papa ou Maman
35%
Christine 2 1972-1974 Mireille Darc Le Grand Blond
30%
Angélique 5 1964-1968 Michèle Mercier Angélique
22%
Adeline Gratin 3 2020-2024 Frédérique Bel Ducobu
18%
Prudence Beresford 3 2005-2012 Catherine Frot Le Crime est notre affaire
17%
Laurette Pic 3 2006-2016 Mylène Demongeot Camping
16%
Julie de Courcy 3 1993-1994 Juliette Binoche Trois Couleurs
15%
Aurore 3 2016-2021 Chantal Ladesou C'est quoi cette famille ?!
12%
Marie-Thérèse Louis-Joseph 2 2009-2017 Firmine Richard La Première Étoile
11%
Sandra Vuibert 3 1997-2012 Amira Casar La Vérité si je mens !
8%
Clothilde 7 1964-1985 France Rumilly Le Gendarme
8%
Aucun quiz correspondant
Distribution des résultats
% des personnes avec chaque résultat
Percentile par nombre de réponses
Votre historique - résultats
Vous n’avez pas pris ce quiz